| 000 | 00583nam a2200217Ia 4500 | ||
|---|---|---|---|
| 005 | 20241129110139.0 | ||
| 008 | 241129s9999||||xx |||||||||||||| ||und|| | ||
| 020 | _a977-438-053-2 | ||
| 037 | _aTB | ||
| 040 |
_aARTS _beng _cARTS |
||
| 041 |
_aeng _2ara |
||
| 084 |
_aV45 28Q0 _qARTS |
||
| 100 |
_aSaadauf Khalid Hamood Au. _9727399 |
||
| 245 | 0 |
_aAhdas fi tareekh al-khaleej al-arbi _cSaadauf Khalid Hamood Au. |
|
| 260 | _c2009 | ||
| 300 | _a432p. | ||
| 365 |
_aINR _b1302 |
||
| 650 |
_aHistory-Iran _9726418 |
||
| 942 |
_cTB _hV45 28Q0 |
||
| 999 |
_c1227484 _d1227484 |
||